000 00488nam a2200193 a 4500
003 OSt
005 20150319160509.0
008 051201s2005 esp j 000 f spa d
020 _a84-675-0569-9
040 _cBMC
082 _a863
100 1 _aSantos, Care
_931481
245 1 3 _aEl circuito de Montecarlo
_cCare Santos
260 _aMadrid
_bSM
_c2005
300 _a151 p.
_c21 cm
490 0 _aGran angular. Alerta roja
_v69
650 2 4 _929289
_aNovela espaƱola
942 _2ddc
_cBK
999 _c18404
_d18404